غز ل آ شنا (Record no. 172454)

MARC details
000 -LEADER
fixed length control field 00577nam a22001937a 4500
005 - DATE AND TIME OF LATEST TRANSACTION
control field 20200205154703.0
010 ## - LCCN (DPL NO)
LC control number A-688449
020 ## - INTERNATIONAL STANDARD BOOK NUMBER
Terms of availability 80.00
International Standard Book Number -
035 ## - SYSTEM CONTROL NUMBER
System control number A-688449
037 ## - SOURCE OF ACQUISITION
Source of stock number/acquisition DBAD/PUB
Stock number -
082 ## - DEWEY DECIMAL CLASSIFICATION NUMBER
Classification number 841
100 ## - MAIN ENTRY--PERSONAL NAME
Personal name متر سنگھ آ شنا
245 ## - TITLE STATEMENT
Title غز ل آ شنا
Statement of responsibility, etc متر سنگھ آ شنا
246 ## - VARYING FORM OF TITLE
Remainder of title Ghazal Ashna (Urdu)
Title proper/short title by Mitr Singh Ashna
260 ## - PUBLICATION, DISTRIBUTION, ETC. (IMPRINT)
Place of publication, distribution, etc N.Delhi
Name of publisher, distributor, etc Asian Publications
Date of publication, distribution, etc 1993 ء
270 ## - ADDRESS
Address E-159,Greater Kailash1
City N.Delhi
Postal code -
Telephone number -
Fax number -
300 ## - PHYSICAL DESCRIPTION
Extent 156 ص
Dimensions 22 Cm(Hb)
942 ## - ADDED ENTRY ELEMENTS (KOHA)
Source of classification or shelving scheme Dewey Decimal Classification
Item type Urdu Bks
Classification part 841
Call number suffix م ت ر
Holdings
Withdrawn status Lost status Not for loan Collection code Home library Current library Date acquired Source of acquisition Cost, normal purchase price Full call number Barcode Copy number Cost, replacement price Koha item type
      Non-fiction Central Library Central Library 05/02/2020 BPPD/Ven. 80.00 841 م ت ر A-688449 1 80.00 Urdu Bks

© Delhi Public Library
Hit Counter
free hit counter